少年夢工場
| 資料類型: | 圖書 | 書目號: | 50948 |
Leader xxxxxxxxxx 001 __ 102451/0/01 005 __ 20170410105847.090 010 0_ |a978-957-8795-34-1|b平裝|d新臺幣200元 100 __ |a20170410d2013 k y0chiy50 e 101 0_ |achi 102 __ |atw 105 __ |ay z 000cy 200 1_ |a少年夢工場|f王溢嘉著 205 __ |a初版 210 __ |a新北市|c野鵝|d2013[民102] 215 0_ |a217面|d21公分 225 12 |a周邊文叢|v32 700 _1 |a王|b溢嘉|4著 681 __ |a855|b8434 801 _0 |atw|bLibDipper|c20170410|gCCR |